Asterix and the black gold

Bibliographic Details
Main Author: Goscinny, Rene
Other Authors: Uderzo, A
Format: Book
Published: London : Hodder and Stoughton , 1981
Subjects:

MARC

LEADER 00000cam a2200000 7i4500
001 0000003434
002 000003702
005 20000330.0
020 |a 0340323671 
090 0 0 |a C   |b GOS 
100 1 |a Goscinny, Rene 
245 1 0 |a Asterix and the black gold   |c Rene Goscinnya and A.Uderzo 
260 |a London :   |b Hodder and Stoughton ,   |c 1981 
300 |a 48p. :   |b ill. ;   |c 29cm. 
650 0 0 |a Cartoon and carricatures 
700 1 |a Uderzo, A 
999 |a 036952   |b BUKU   |c CARTOON   |e PERPUSTAKAAN KOMUNITI PETALING JAYA